State income policy and possible impacts on corporate sector

Možnosti uplatnenia dôchodkovej politiky štátu v transformujúcich sa krajinách. Vzťah cien a miezd v ekonomickom systéme. Alternatívne formy dôchodkovej politiky v ekonomickej teórii. Zmena štruktúry trhu práce. Odporúčania pre slovenskú ekonomiku.

Na minha lista:
Detalhes bibliográficos
Autor principal: Farkašovská, Mária
Outros Autores: Lissauerová, Darina
Formato: Capítulo de Livro
Idioma:inglês
Assuntos:
Tags: Adicionar Tag
Sem tags, seja o primeiro a adicionar uma tag!

MARC

LEADER 00000naa a2200000 4500
001 r033679
005 20230918075348.0
041 0 |a eng 
044 |a SK 
245 1 0 |a State income policy and possible impacts on corporate sector  |c Mária Farkašovská, Darina Lissauerová 
520 |a Možnosti uplatnenia dôchodkovej politiky štátu v transformujúcich sa krajinách. Vzťah cien a miezd v ekonomickom systéme. Alternatívne formy dôchodkovej politiky v ekonomickej teórii. Zmena štruktúry trhu práce. Odporúčania pre slovenskú ekonomiku. 
610 2 0 |a politika dôchodková 
610 2 0 |a dôchodky 
610 2 0 |a inflácia 
610 2 0 |a nezamestnanosť 
610 2 0 |a transformácia 
610 2 0 |a SVE 
610 2 0 |a dopyt 
610 2 0 |a ponuka 
610 2 0 |a politika mzdová 
610 2 0 |a politika cenová 
610 2 0 |a Slovensko 
100 1 |a Farkašovská, Mária 
700 1 |a Lissauerová, Darina